000
00294nam a22001337a 4500
008
170613b xxu||||| |||| 00| 0 eng d
020
_a
9780806139449
041
_a
eng
080
_a
94(7/8)
100
_a
19
101
_a
SHH
245
_a
A LETTER TO AMERICA
_c
BOREN.D
942
_2
udc
_c
BK
999
_c
17076
_d
17076